High Court upholds reasoning of inspector on reserved matters (Record no. 70498)

MARC details
000 -LEADER
fixed length control field 00978cam a2200217 4500
001 - CONTROL NUMBER
control field WB3822-18
008 - FIXED-LENGTH DATA ELEMENTS--GENERAL INFORMATION
fixed length control field 020618n2002 000 0 eng u
035 ## - SYSTEM CONTROL NUMBER
System control number (Sirsi) u118439
245 ## - TITLE STATEMENT
Title High Court upholds reasoning of inspector on reserved matters
260 ## - PUBLICATION, DISTRIBUTION, ETC.
Date of publication, distribution, etc. 2002
490 ## - SERIES STATEMENT
Series statement RICS News Service
Volume/sequential designation 18 June 2002, (1)
520 ## - SUMMARY, ETC.
Summary, etc. A judge has upheld the decision of a planning inspector in reasoning that an application for approving reserved matters for 18 out of 250 tourist chalets did not also approve an application for approval in relation to the remaining 232 chalets. To view RICS News: http://www.rics.org/ricscms/bin/show?class=News&template=/includes/shownews.html&id=2793.
590 ## - LOCAL NOTE (RLIN)
Local note WB
650 ## - SUBJECT ADDED ENTRY--TOPICAL TERM
Topical term or geographic name entry element LAWFUL DEVELOPMENT CERTIFICATES
650 ## - SUBJECT ADDED ENTRY--TOPICAL TERM
Topical term or geographic name entry element RESERVED MATTERS
650 ## - SUBJECT ADDED ENTRY--TOPICAL TERM
Topical term or geographic name entry element PLANNING PERMISSION
650 ## - SUBJECT ADDED ENTRY--TOPICAL TERM
Topical term or geographic name entry element PLANNING APPLICATIONS
650 ## - SUBJECT ADDED ENTRY--TOPICAL TERM
Topical term or geographic name entry element ROTHER DC
690 ## - LOCAL SUBJECT ADDED ENTRY--TOPICAL TERM (OCLC, RLIN)
Topical term or geographic name as entry element ENVIRONMENTAL AND LAND CONSULTANCY-PLANNING AND DEVELOPMENT
942 ## - ADDED ENTRY ELEMENTS (KOHA)
Suppress in OPAC 0
Holdings
Withdrawn status Lost status Source of classification or shelving scheme Damaged status Not for loan Home library Current library Shelving location Date acquired Total Checkouts Full call number Barcode Date last seen Copy number Price effective from Koha item type
    Dewey Decimal Classification     London London News article 18/06/2002   WB3822-18 118439-1001 06/08/2019 1 06/08/2019 News article